The ecology of man and plants in Northern Rhodesia (Record no. 40713)

MARC details
000 -LEADER
fixed length control field 00660nas a2200193 a 4500
008 - FIXED-LENGTH DATA ELEMENTS--GENERAL INFORMATION
fixed length control field 061114c19459999||||||||||||||||| || u
050 ## - LIBRARY OF CONGRESS CALL NUMBER
Classification number UNZA-IAS(05)HPCA/3
100 ## - MAIN ENTRY--PERSONAL NAME
Personal name Winterbottom, J. M
245 14 - TITLE STATEMENT
Title The ecology of man and plants in Northern Rhodesia
Statement of responsibility, etc. By J.M. Winterbottom
260 ## - PUBLICATION, DISTRIBUTION, ETC.
Place of publication, distribution, etc. Manchester
Name of publisher, distributor, etc. Manchester University
Date of publication, distribution, etc. 1945
300 ## - PHYSICAL DESCRIPTION
Extent 33-44pp.
350 ## - PRICE (NR) (BK AM CF MU VM SE) [OBSOLETE]
Price 0.00
490 ## - SERIES STATEMENT
Series statement Human Problems in Central Africa
500 ## - GENERAL NOTE
General note Article in the Rhodes-Livingstone Journal Volume 3
650 ## - SUBJECT ADDED ENTRY--TOPICAL TERM
Topical term or geographic name entry element ETHNOBOTANY--ZAMBIA
650 ## - SUBJECT ADDED ENTRY--TOPICAL TERM
Topical term or geographic name entry element ECOLOGY
710 ## - ADDED ENTRY--CORPORATE NAME
Corporate name or jurisdiction name as entry element University of Zambia. Institute for African Studies
785 ## - SUCCEEDING ENTRY
Main entry heading The Rhodes-Livingstone Journal
Holdings
Withdrawn status Lost status Source of classification or shelving scheme Damaged status Not for loan Home library Current library Date acquired Total Checkouts Full call number Date last seen Price effective from Koha item type
          CBU-MAIN LIBRARY, KITWE. CBU-MAIN LIBRARY, KITWE. 11/30/2022   UNZA-IAS(05)HPCA/3 11/30/2022 11/30/2022 MONOGRAPH